| 000 | 00684nam a22001577a 4500 | ||
|---|---|---|---|
| 003 | OSt | ||
| 005 | 20151209101637.0 | ||
| 008 | 151209b xxu||||| |||| 00| 0 eng d | ||
| 040 | _cRUA | ||
| 082 | _aATM CHE 2006 B194 Or.1 | ||
| 100 |
_94574 _aCHES SOPHY; ជេស សុភី |
||
| 245 | _aThe study on influence of water usage for biogas production from cow and pig manure, ការសិក្សាពីឥទ្ធិពលនៃការប្រើប្រាស់ទឹកសំរាប់ជីឧស្ម័នពីលាមកសត្វគោ និងជ្រូក. | ||
| 260 |
_aPhnom Penh _bRUA _c2006 |
||
| 300 |
_axv; 56p. _bill. _c29cm. |
||
| 942 |
_2ddc _cATM |
||
| 999 |
_c4263 _d4263 |
||